| 000 | 00946cam a2200217 4500 | ||
|---|---|---|---|
| 001 | WB3732-45 | ||
| 008 | 010831n2001 000 0 eng u | ||
| 035 | _a(Sirsi) u114405 | ||
| 245 | _aRed tape and rural regeneration | ||
| 260 | _c2001 | ||
| 490 |
_aFarmers' Weekly _v135(8) 24 August 2001, 28(1) |
||
| 520 | _aThe Country Landowners' Association (CLA) has published a report urging government to introduce measures to boost rural regeneration. It calls on ministers to cut bureaucracy and encourage diversification on farms, particularly through revising the planning system. Free copies of "Rural Regeneration: A Policy Framework for Business Diversification" are available from the CLA. Tel: 020 7460 7934, or visit: http://www.cla.org.uk | ||
| 590 | _aWB | ||
| 650 | _aCLA | ||
| 650 | _aREGENERATION | ||
| 650 | _aDIVERSIFICATION | ||
| 650 | _aPLANNING SYSTEM | ||
| 650 | _aRED TAPE | ||
| 690 |
_aRural _96268 |
||
| 942 | _n0 | ||
| 999 |
_c68137 _d68137 |
||